Normal view
MARC view
Entry Personal Name
001 - CONTROL NUMBER
- control field: 68983
003 - CONTROL NUMBER IDENTIFIER
- control field: dpl
005 - DATE AND TIME OF LATEST TRANSACTION
- control field: 20240726154713.0
008 - FIXED-LENGTH DATA ELEMENTS
- fixed length control field: 240726|| aca||aabn | a|a d
040 ## - CATALOGING SOURCE
- Original cataloging agency: dpl
- Transcribing agency: dpl
100 ## - HEADING--PERSONAL NAME
- Personal name: तोमर, चन्द्र सिंह
670 ## - SOURCE DATA FOUND
- Source citation: Work cat.: (dpl)204552: तोमर, चन्द्र सिंह, शिक्षा के सामजिक सरोकार /, 2021
